meilleur switch in a carchacrok danse lames en OU - Statistiques

Statistiques générales
  • Ce quiz a été pris 7 fois
  • Le résultat moyen est 4 sur 6
Statistiques - réponses
Hint Réponse % Correct
31%-37% rafale ecailles demeteros totemique
86%
35%-42% séisme tokopisco
71%
27%-32% croc feu corvaillus
57%
42%-50% séisme melodelfe
57%
36%-43% rafale ecailles flagadoss
43%
42%-50% rafale ecailles mouscoto
43%
Aucun quiz correspondant
Distribution des résultats
% des personnes avec chaque résultat
Percentile par nombre de réponses
Votre historique - résultats
Vous n’avez pas pris ce quiz